Представление документа в формате MARC21

Поле Инд. ПП Название Значение
Тип записи a
Библиографический уровень m
001 Контрольный номер ef1f70a7997d4206bde92813796c7d39
005 Дата корректировки 20221012100135.1
024 80 a Стандартный номер 10.02.04
040 a Служба первич. каталог. НБ ТвГУ
b Код языка каталог. rus
e Правила каталог. PSBO
041 0_ a Код языка текста rus
080 a Индекс УДК 811.111'42(043.3)
084 a Индекс другой классификации/Индекс ББК Ш143.21-51я031
090 a Полочн. индекс Ш143.21
x Авторский знак А 39
097 b Оператор Semenova.ZR
100 1_ a Автор Акинина Полина Сергеевна
245 10 a Заглавие Лингвопрагматические особенности американского политического дискурса
b Продолж. заглавия на материале выступлений президента США Барака Обамы : диссертация ... кандидата филологических наук : 10.02.04 – германские языки
c Ответственность науч. рук. Т. В. Малыгин ; Владимир. гос. ун-т им. А. Г. и Н. Г. Столетовых
260 c Дата издания 2019
a Место издания Владимир
b Издательство б. и.
300 a Объем 170 с.
b Иллюстрации/ тип воспроизводства ил.
500 a Примечание На правах рукописи
502 a Примечание о диссертации Защищена 19.06.2019
653 0_ a Ключевые слова Лингвистика текста
a Ключевые слова Прагмалингвистика
a Ключевые слова Лингвопрагматика
a Ключевые слова Теория дискурса
a Ключевые слова Дискурсология
a Ключевые слова Дискурс
a Ключевые слова Политический дискурс
a Ключевые слова Американский политический дискурс
a Ключевые слова Президенты США
a Ключевые слова Обама Барак
a Ключевые слова Речи президентов
a Ключевые слова Выступления президентов
a Ключевые слова Английский язык
a Ключевые слова Кандидатские диссертации
a Ключевые слова Диссертации
901 t Тип документа d
920 a Оператор Семен
a Оператор Рунт
a Оператор Стро
930 a Новая/Ретро новая
952 c Вид литературы Дис н
954 b Дата поступления в ОК 20191010
a Дата поступления на обработку 20191113
c Дата окончания ОНО 20191126